000 00473cam a22001815i 4500
003 OSt
008 240216b |||||||| |||| 00| 0 eng d
020 _a1933699280
020 _a9781933699288
041 _aeng
082 _a631.5871
_bYIL/IR
100 1 _aYilmaz, Levent
_96046
245 0 0 _aIrrigation and drainage management /
260 _aTexas :
_bStadium Press LLC.,
_c2012.
300 _a391 p.
650 1 0 _aIrrigarion; Drainage management
_96047
942 _cBK
999 _c13967
_d13967